1891 1144 1005 1979 1948 1889 1836 1667 1775 1722 1378 1054 1199 1250 1903 1851 1027 1771 1080 1212 1297 1674 1014 1522 1578 1453 1044 1088 1861 1376 1618 1556 1221 1677 1075 1328 1991 1506 1343 1794 1272 1877 1754 1561 1303 1377 1163 1565 1259 1685 1131 1708 1016 1127 1242 1280 1168 1832 1121 1535 1330 1344 1846 1878 1151 1439 1576 1406 1361 1951 1455 1118 1387 1544 1344 1933 1993 1167 1186 1942 1607 1621 1527 1775 1560 1492 1957 1637 1561 1853 1261 1579 1062 1090 1792 1585 1412 1582 1232 BCNSPRNW ULIB Ver.6.0+V

เปลี่ยนเป็นภาษาไทย

Change to English
 แสดงรายละเอียดบรรณานุกรม
  กลับหน้าหลัก

Brief Record : Get Marc (ISO 2709) : E-mail record : QR code < ปิดหน้าต่าง
LEADER : 00000nam 2200000uu 4500
001    13399125866
003     ULIB
008    020711s2560 th a 000 0 tha d
020    ^a9786164300132
060    ^aWS113^bค-
245    ^aคัมภีร์การดูแลทารกและเด็กเล็ก ฉบับสมบูรณ์
260    ^aกรุงเทพฯ :^bเอ็มไอเอส,^c2560
300    ^a404 หน้า;^c26 ซม.
650    ^aกุมารเวชศาสตร์
650  0 ^aเด็ก-การดูแล
945    ^p350^l0^i003254
945    ^p0^l0^i003255
945    ^p0^l0^i003256
945    ^p0^l0^i003257
945    ^p0^l0^i003258
999    ^aประนอม เกษจรัล
รายการนี้ยังไม่มีแท็ก
คุณยังไม่ได้ล็อกอิน คุณสามารถมีกิจกรรมร่วมกับเว็บไซต์ได้ แต่ต้องล็อกอินก่อน ::
  ล็อกอิน

รายการสื่อสารสนเทศ

ลำดับที่ ประเภท เลขเรียก/บาร์โค้ด สถานที่ สถานะ
1. วิทยาศาสตร์การแพทย์ และสุขภาพ
หนังสือสำรอง
สถานะ=หนังสือสำรอง
WS113 ค- ฉ.1 
  Barcode: 003254
ห้องสมุดวิทยาเขตสวรรค์ประชารักษ์
►หนังสือทั่วไป
บนชั้น
2. วิทยาศาสตร์การแพทย์ และสุขภาพ
วิทยาศาสตร์การแพทย์ และสุขภาพ
WS113 ค- ฉ.2 
  Barcode: 003255
ห้องสมุดวิทยาเขตสวรรค์ประชารักษ์
►หนังสือทั่วไป
บนชั้น
3. วิทยาศาสตร์การแพทย์ และสุขภาพ
วิทยาศาสตร์การแพทย์ และสุขภาพ
WS113 ค- ฉ.3 
  Barcode: 003256
ห้องสมุดวิทยาเขตสวรรค์ประชารักษ์
►หนังสือทั่วไป
บนชั้น
4. วิทยาศาสตร์การแพทย์ และสุขภาพ
วิทยาศาสตร์การแพทย์ และสุขภาพ
WS113 ค- ฉ.4 
  Barcode: 003257
ห้องสมุดวิทยาเขตสวรรค์ประชารักษ์
►หนังสือทั่วไป
บนชั้น
5. วิทยาศาสตร์การแพทย์ และสุขภาพ
วิทยาศาสตร์การแพทย์ และสุขภาพ
WS113 ค- ฉ.5 
  Barcode: 003258
ห้องสมุดวิทยาเขตสวรรค์ประชารักษ์
►หนังสือทั่วไป
บนชั้น

รายการใกล้เคียง
    ชื่อเรื่อง [คัมภีร์การดูแลทารกและเด็กเล็ก ฉบับสมบูรณ์]

    หัวเรื่อง [กุมารเวชศาสตร์]
    หัวเรื่อง [เด็ก-การดูแล]

BibComment


ยังไม่เคยถูกคอมเมนท์

คอมเมนท์ทรัพยากรรายการนี้
  คอมเมนท์: คัมภีร์การดูแลทา..


 Copyright 2026. Bcnsprnw @Library